Anuario estadístico de transporte marítimo, 2002: Estadísticas de carga transportada en comercio exterior
Saved in:
| Corporate Author: | |
|---|---|
| Format: | Book |
| Language: | Spanish |
| Published: |
Valparaíso
Cámara Marítima y Portuaria de Chile
2003
|
| Subjects: | |
| Tags: |
Add Tag
No Tags, Be the first to tag this record!
|
MARC
| LEADER | 00000cam a2200000 a 4500 | ||
|---|---|---|---|
| 001 | UCK6764 | ||
| 003 | CL-VaPUC | ||
| 008 | 051014e20030000CL |||||||||||||||||spa|d | ||
| 082 | 0 | 4 | |a 387.51 |b CAM |2 21 |
| 110 | 2 | |a Cámara Marítima y Portuaria de Chile |e author |9 496251 | |
| 245 | 1 | 0 | |a Anuario estadístico de transporte marítimo, 2002: Estadísticas de carga transportada en comercio exterior |
| 300 | |a 106 h | ||
| 942 | |c BK | ||
| 945 | |d 20051014 00:00:00 |a jcarroza | ||
| 260 | |a Valparaíso |b Cámara Marítima y Portuaria de Chile |c 2003 | ||
| 650 | 0 | |a Transporte marítimo |9 260127 | |
| 650 | 0 | |a Comercio exterior |9 257617 | |
| 650 | 0 | |a Puertos |9 260105 | |
| 650 | 0 | |a Estadísticas |9 258644 | |
| 651 | 7 | |a CHILE |2 CL-VaPUC |9 496252 | |
| 583 | |a last modification |c 20111003 07:59:46 |k Rodrigo Vera | ||
| 999 | |c 314950 |d 314948 | ||
| 952 | |0 0 |1 0 |4 0 |6 387_510000000000000_CAM_2003 |7 0 |8 A |9 387781 |a BIBING |b BIBING |d 2019-11-22 |i 4173457 |o 387.51 CAM 2003 |p 4173457 |r 2025-01-20 |w 2019-11-22 |y BK |k TRA | ||